| 000 | 00734nam0a22002531 4500 | ||
|---|---|---|---|
| 001 | rc\183166 | ||
| 005 | 20250620222909.0 | ||
| 010 |
_a5-251-00223-8 _930000 |
||
| 035 | _a(NLR Aleph) 005441965 | ||
| 090 |
_a4766945 _c4766945 |
||
| 100 | _a20030307d1997 |||y0rusy50 ca | ||
| 101 | 0 | _arus | |
| 102 | _aRU | ||
| 105 | _ay ||||||||| | ||
| 200 | 1 |
_aОгонь на поражение _fПетр Катериничев |
|
| 210 |
_aМ. _cЭКСМО _d1997 |
||
| 215 |
_a476, [1] с. _d17 |
||
| 225 | 1 | _aРусский бестселлер | |
| 700 | 1 |
_aКатериничев _bП.В. _gПетр Владимирович |
|
| 801 | 0 |
_aRU _bNLR _gpsbo |
|
| 801 | 1 |
_aRU _bELAR _2rusmarc |
|
| 852 |
_aNLR _j97-2/1814 |
||
| 942 | _cBOOK | ||
| 980 | _aNB | ||